Communication and the church / (Record no. 1084)

MARC details
000 -LEADER
fixed length control field 00806cam a2200277Ia 4500
001 - CONTROL NUMBER
control field 510248
003 - CONTROL NUMBER IDENTIFIER
control field OSt
005 - DATE AND TIME OF LATEST TRANSACTION
control field 20180904102921.0
008 - FIXED-LENGTH DATA ELEMENTS--GENERAL INFORMATION
fixed length control field 960417s1998 ii a 000 0 eng d
020 ## - INTERNATIONAL STANDARD BOOK NUMBER
International Standard Book Number 8172142129
035 ## - SYSTEM CONTROL NUMBER
System control number (OCoLC)ocm34584662
035 ## - SYSTEM CONTROL NUMBER
System control number (OCoLC)ocm34584662
040 ## - CATALOGING SOURCE
Original cataloging agency UTS
Transcribing agency UTS
049 ## - LOCAL HOLDINGS (OCLC)
Holding library PTSS
050 ## - LIBRARY OF CONGRESS CALL NUMBER
Classification number BV652.95
Item number .M35 1998
082 ## - DEWEY DECIMAL CLASSIFICATION NUMBER
Classification number 254.3
Item number M294C
100 1# - MAIN ENTRY--PERSONAL NAME
Personal name Manuel, A. D.
245 00 - TITLE STATEMENT
Title Communication and the church /
Statement of responsibility, etc. by A.D. Manuel.
260 ## - PUBLICATION, DISTRIBUTION, ETC.
Place of publication, distribution, etc. Bangalore :
Name of publisher, distributor, etc. ISPCK,
Date of publication, distribution, etc. 1994,
Date of manufacture 1998
300 ## - PHYSICAL DESCRIPTION
Extent 96 p. :
Other physical details ill. ;
Dimensions 22 cm.
650 #0 - SUBJECT ADDED ENTRY--TOPICAL TERM
Topical term or geographic name entry element Communication
General subdivision Religious aspects
-- Christianity.
650 #0 - SUBJECT ADDED ENTRY--TOPICAL TERM
Topical term or geographic name entry element Mass media in religion.
650 #0 - SUBJECT ADDED ENTRY--TOPICAL TERM
Topical term or geographic name entry element Mass media
General subdivision Religious aspects
-- Christianity.
650 #0 - SUBJECT ADDED ENTRY--TOPICAL TERM
Topical term or geographic name entry element Mass media
General subdivision Moral and ethical aspects.
942 ## - ADDED ENTRY ELEMENTS (KOHA)
Source of classification or shelving scheme Dewey Decimal Classification
Koha item type Books

No items available.


OPAC Designed and Maintained by HMC Library Team.
Copyright © HMC Library,Greater Noida, UP.
For any Suggestions/Query Contact library via Email:libhmc@gmail.com